LEADER 00933nam a2200229 i 4500 001 000000156197 003 CaOOAMICUS 005 20061122000000.0 008 061122s1951 it u000 u ita u 013 $a133552 040 $aSeMil$bita 100 1 $aDe Conlegio Rhaudensi Quidam.$0(OLS)http://semarc/name/51565 245 13$aIl prete nella vita moderna :$bnote pratiche per la vita e per il ministero /$cDe Conlegio Rhaudensi Quidam. 250 $a2. ed. 260 $aAlba :$bPaoline,$c1951. 300 $a220 p. ;$c18 cm. 650 4$aPresbiterato.$0(OLS)http://semarc/subject/2315 850 $aSeMil 852 $aSeMil$W1$xVenegono$y1$m3G I 174$j107999$B107999$CSeMilBibl$Z2$F120786 $81 961 $aOmaggio: Bestetti don Dante 996 $6245$aIl prete nella vita moderna :$bnote pratiche per la vita e per il ministero$9(OLS)http://semarc/title/228932 996 $6260$aAlba :$bPaoline$9(OLS)http://semarc/publisher/29692 LEADER 00966nam a2200229 i 4500 001 000000226450 003 CaOOAMICUS 005 20140123000000.0 008 140123s1932 it u000 u mul u 013 $a205352 040 $aSeMil$bita 100 1 $aGuidi, Ignazio,$d<1844-1935>.$0(OLS)http://semarc/name/9839 245 10$aStoria della letteratura etiopica /$cIgnazio Guidi. 260 $aRoma :$bIstituto per l'Oriente,$c1932. 300 $a116 p. ;$c21 cm. 490 0 $aPubblicazioni dell'Istituto per l'Oriente 650 4$aLetteratura etiopica - Storia.$0(OLS)http://semarc/subject/5514 830 0$aPubblicazioni dell'Istituto per l'Oriente.$0(OLS)http://semarc/title/39879 850 $aSeMil 852 $aSeMil$W1$xVenegono$y1$m5B III 72/12$j268904$B176796$CSeMilBibl$Z2$F187724 $81 996 $6245$aStoria della letteratura etiopica$9(OLS)http://semarc/title/324243 996 $6260$aRoma :$bIstituto per l'Oriente$9(OLS)http://semarc/publisher/38072